Maquiavelo, consejero de príncipes.

Uloženo v:
Podrobná bibliografie
Hlavní autor: Bermudo Avila, José Manuel (autor)
Další autoři: Solé Tura, Jordi (prólogo)
Médium: Kniha
Jazyk:angličtina
Vydáno: Barcelona, España: Universitat de Barcelona, 1994.
Vydání:1a. edición.
Edice:Publicacions (Universidad de Barcelona), 7.
Témata:
Tagy: Přidat tag
Žádné tagy, Buďte první, kdo vytvoří štítek k tomuto záznamu!

MARC

LEADER 00000nam a22000007a 4500
003 CL-VaPUC
005 20240711135005.0
008 220728t1994 ||||| |||| 00| 0 eng d
999 |c 437716  |d 437714 
020 |a 84-475-0637-1 
040 |c Pontificia Universidad Católica de Valparaíso 
082 |2 22  |a 923.245 BER 1994 
100 |9 570213  |a Bermudo Avila, José Manuel  |e autor 
245 |a Maquiavelo, consejero de príncipes.  
250 |a 1a. edición. 
260 |a Barcelona, España:   |b Universitat de Barcelona,   |c 1994.  
300 |a 315 páginas.  
490 |a Publicacions (Universidad de Barcelona), 7. 
500 |a c.1 Donación Familia Prof. Alejandro Guzmán Brito. 
583 |c 20220728  |k Yessy Sthefany Diaz Vidal 
600 0 |a Maquiavelo, Nicolás  |d 1469-1527  |x Biografías   |9 255701 
600 0 |a Maquiavelo, Nicolás  |d 1469-1527  |x Pensamiento filosófico y político   |9 255701 
650 0 |9 256302  |a Políticos   |x Historia   |z Italia  
700 |9 874261  |a Solé Tura, Jordi   |e prólogo  
942 |2 ddc  |c BK  |n 0 
952 |0 0  |1 0  |2 ddc  |4 0  |6 923_245000000000000_BER_1994  |7 0  |8 C_AGB  |9 585507  |a BIBDER  |b BIBDER  |d 2022-07-28  |e Donación   |i 5653414  |o 923.245 BER 1994  |p 5653414  |r 2023-01-25  |t 1  |w 2022-07-28  |y BK_US  |k AGB